ELEMENTRYB ORGANIC SPECTROSCOPY (Record no. 26444)
[ view plain ]
| 000 -LEADER | |
|---|---|
| fixed length control field | 00378nam a22001577a 4500 |
| 003 - CONTROL NUMBER IDENTIFIER | |
| control field | SGT |
| 020 ## - INTERNATIONAL STANDARD BOOK NUMBER | |
| International Standard Book Number | 9788121928847 |
| 082 ## - DEWEY DECIMAL CLASSIFICATION NUMBER | |
| Classification number | 615.01 |
| Item number | E23S |
| 100 ## - MAIN ENTRY--PERSONAL NAME | |
| Personal name | SHARMA, Y.R. |
| 245 ## - TITLE STATEMENT | |
| Title | ELEMENTRYB ORGANIC SPECTROSCOPY |
| 260 ## - PUBLICATION, DISTRIBUTION, ETC. (IMPRINT) | |
| Place of publication, distribution, etc | U.P. |
| Name of publisher, distributor, etc | S. CHAND & COM, |
| Year of Publication | 2023 |
| 300 ## - PAGE DESCRIPTION | |
| No. of Pages | 369 |
| 650 ## - SUBJECT ADDED ENTRY--TOPICAL TERM | |
| Topical term or geographic name as entry element | SPECTROSCOPY |
| 653 ## - KEYWORDS--INDEX TERM | |
| Keyword term | ELEMENTRYB, ORGANIC, SPECTROSCOPY |
| 942 ## - ADDED ENTRY ELEMENTS (KOHA) | |
| Source of classification or shelving scheme | Dewey Decimal Classification |
| Koha item type | Books |
| 942 ## - ADDED ENTRY ELEMENTS (KOHA) | |
| -- | 10 |
| Withdrawn status | Lost status | Source of classification or shelving scheme | Damaged status | Not for loan | Collection code | Home library | Current library | Shelving location | Date acquired | Vendor Name | Cost, normal purchase price | SGTU | Bill Number | Total Checkouts | Full call number | Accession No. (Barcode) | Checked out | Date last seen | Date last borrowed | Bill Date | Koha item type |
|---|---|---|---|---|---|---|---|---|---|---|---|---|---|---|---|---|---|---|---|---|---|
| Dewey Decimal Classification | PHARMACY | SGT FA-FP Library | SGT FA-FP Library | Text Book | 30/05/2024 | AHUJA PUBLICATION | 650.00 | SGTU | 18906 | 3 | 615.01 E23S | FP4796 | 16/06/2026 | 02/06/2026 | 02/06/2026 | 08/05/2024 | Books | ||||
| Dewey Decimal Classification | PHARMACY | SGT FA-FP Library | SGT FA-FP Library | Text Book | 30/05/2024 | AHUJA PUBLICATION | 650.00 | SGTU | 18906 | 4 | 615.01 E23S | FP4797 | 21/11/2024 | 09/11/2024 | 08/05/2024 | Books | |||||
| Dewey Decimal Classification | PHARMACY | SGT FA-FP Library | SGT FA-FP Library | Text Book | 30/05/2024 | AHUJA PUBLICATION | 650.00 | SGTU | 18906 | 3 | 615.01 E23S | FP4798 | 18/05/2026 | 04/05/2026 | 08/05/2024 | Books | |||||
| Dewey Decimal Classification | PHARMACY | SGT FA-FP Library | SGT FA-FP Library | Text Book | 30/05/2024 | AHUJA PUBLICATION | 650.00 | SGTU | 18906 | 4 | 615.01 E23S | FP4799 | 06/12/2024 | 23/11/2024 | 08/05/2024 | Books | |||||
| Dewey Decimal Classification | PHARMACY | SGT FA-FP Library | SGT FA-FP Library | Text Book | 30/05/2024 | AHUJA PUBLICATION | 650.00 | SGTU | 18906 | 2 | 615.01 E23S | FP4800 | 07/05/2026 | 04/05/2026 | 08/05/2024 | Books |